Тихий Дон (Запись № 13448986)

Подробности
000 -МАРКЕР
контрольное поле 01743nam2a2200265 4500
001 - ИДЕНТИФИКАТОР ЗАПИСИ
контрольное поле RU\NLR\BIBL_A\022578704
005 - ИДЕНТИФИКАТОР ВЕРСИИ
контрольное поле 20250716163125.0
010 ## - МЕЖДУНАРОДНЫЙ СТАНДАРТНЫЙ НОМЕР КНИГИ (ISBN)
Номер (ISBN) 978-5-235-05235-2
Тираж 1000
021 ## - НОМЕР ГОСУДАРСТВЕННОЙ РЕГИСТРАЦИИ
Код страны Российская Федерация
Номер КН-П-25-027811
Номер Листа государственной регистраци КН-П-25-2756
035 ## - ДРУГИЕ СИСТЕМНЫЕ НОМЕРА
Идентификатор записи (NLR Aleph) 022578704
100 ## - ДАННЫЕ ОБЩЕЙ ОБРАБОТКИ
Данные общей обработки 20250702d2025 k y0rusy50 ca
101 0# - ЯЗЫК РЕСУРСА
Язык текста, звукозаписи и т.д. русский
102 ## - СТРАНА ПУБЛИКАЦИИ ИЛИ ПРОИЗВОДСТВА
Страна публикации Российская Федерация
105 ## - ПОЛЕ КОДИРОВАННЫХ ДАННЫХ: ТЕКСТОВЫЕ МАТЕРИАЛЫ, МОНОГРАФИЧЕСКИЕ
Кодированные данные о монографическом текстовом документе y|||z|||000ay
200 1# - ЗАГЛАВИЕ И СВЕДЕНИЯ ОБ ОТВЕТСТВЕННОСТИ
Основное заглавие Тихий Дон
Сведения, относящиеся к заглавию роман
-- в четырех книгах
-- [первое научное издание с полным сопоставлением всех прижизненных авт. текстов романа, а также найденных рукописей и автографов из архивов]
Обозначение и номер части Кн. 3
Первые сведения об ответственности подготовка текста: Г. Н. Воронцова
Последующие сведения об ответственности редактор тома: А. М. Ушаков
210 ## - ПУБЛИКАЦИЯ, РАСПРОСТРАНЕНИЕ И ДР.
Дата издания, распространения и т.д. 2025
215 ## - ФИЗИЧЕСКАЯ ХАРАКТЕРИСТИКА
Специфическое обозначение материала и объем 357, [2] с.
461 #0 - УРОВЕНЬ НАБОРА
Встроенное поле 001RU\NLR\BIBL_A\022566777
-- 2001#$aСобрание сочинений$eв восьми томах$fМихаил Шолохов$gредакционная коллегия: член-кор. РАН Н. В. Корниенко (председатель) [и др.]$vТ. 3
-- 700#1$aШолохов$bМ. А.$cписатель$f1905-1984$gМихаил Александрович$3RU\NLR\AUTH\7723650
702 #1 - ИМЯ ЛИЦА - ВТОРИЧНАЯ ОТВЕТСТВЕННОСТЬ
Код отношения Составитель
Начальный элемент ввода Воронцова
Часть имени, кроме начального элемента ввода Г. Н.
Дополнения к именам, кроме дат д-р филол. наук, англ. язык
Расширение инициалов личного имени Галина Николаевна
Системный номер авторитетной/нормативной записи 141474
Идентификатор авторитетной/нормативной записи RU\NLR\AUTH\770141510
702 #1 - ИМЯ ЛИЦА - ВТОРИЧНАЯ ОТВЕТСТВЕННОСТЬ
Начальный элемент ввода Ушаков
Часть имени, кроме начального элемента ввода А. М.
Даты 1930-2018
Расширение инициалов личного имени Александр Миронович
Код отношения Редактор
942 ## - ДОПОЛНИТЕЛЬНЫЕ ЭЛЕМЕНТЫ ЗАПИСИ (АБИС)
Тип экземпляра АБИС Книга
980 ## - КОЛЛЕКЦИЯ
Название коллекции Национальная библиография

Нет доступных экземпляров.